ইসলামের ইতিহাস / (Record no. 76076)
[ view plain ]
| 000 -LEADER | |
|---|---|
| fixed length control field | 01014nam a2200253 a 4500 |
| 001 - CONTROL NUMBER | |
| control field | 76076 |
| 003 - CONTROL NUMBER IDENTIFIER | |
| rucl marc code | BD-RjUL |
| 005 - DATE AND TIME OF LATEST TRANSACTION | |
| control field | 20211209082802.0 |
| 008 - FIXED-LENGTH DATA ELEMENTS--GENERAL INFORMATION | |
| fixed length control field | 191020r19871986bg |||| |||| 00| 0 ben d |
| 020 ## - INTERNATIONAL STANDARD BOOK NUMBER | |
| Terms of availability | : Tk. 70.00 |
| 035 ## - SYSTEM CONTROL NUMBER | |
| System control number | (BD-RjUL)40087 |
| 040 ## - CATALOGING SOURCE | |
| Original cataloging agency | BD-RjUL |
| Language of cataloging | ben |
| Transcribing agency | BD-RjUL |
| 041 ## - LANGUAGE CODE | |
| Language code of text/sound track or separate title | ben |
| 082 ## - DEWEY DECIMAL CLASSIFICATION NUMBER | |
| Edition number | 23 |
| Classification number | 297.09 |
| Author mark and year | HAI 1987 |
| 100 1# - MAIN ENTRY--PERSONAL NAME | |
| Personal name | হাসান, সৈয়দ মাহামুদুল |
| 9 (RLIN) | 233958 |
| 245 10 - TITLE STATEMENT | |
| Title | ইসলামের ইতিহাস / |
| Statement of responsibility, etc. | সৈয়দ মাহমুদুল হাসান |
| 250 ## - EDITION STATEMENT | |
| Edition statement | সংশোধিত ও পরিবর্ধিত ৬ষ্ঠ সং. |
| 260 ## - PUBLICATION, DISTRIBUTION, ETC. (IMPRINT) | |
| Place of publication, distribution, etc. | ঢাকা : |
| Name of publisher, distributor, etc. | গ্লোব (প্রা :) লিমিটেড, |
| Date of publication, distribution, etc. | ১৯৮৫ [পুনর্মুদ্রণ ১৯৮৭] |
| 300 ## - PHYSICAL DESCRIPTION | |
| Pagination | [১৬] ৬৮২পৃ. : |
| Illustrations | চিত্র ; |
| Size | ২৫ সেমি. |
| 500 ## - GENERAL NOTE | |
| General note | "Replaced books" |
| 650 ## - SUBJECT ADDED ENTRY--TOPICAL TERM | |
| Topical term or geographic name as entry element | ইসলাম |
| General subdivision | ইতিহাস |
| 9 (RLIN) | 123117 |
| Topical term or geographic name as entry element | Islam |
| General subdivision | History |
| 9 (RLIN) | 123118 |
| 942 ## - ADDED ENTRY ELEMENTS (KOHA) | |
| Source of classification or shelving scheme | Dewey Decimal Classification |
| Koha item type | Books |
| Lost status | Source of classification or shelving scheme | Damaged status | Not for loan | Collection code | Permanent Location | Current Location | Shelving location | Date acquired | Source of acquisition | Cost, normal purchase price | Total Checkouts | Full call number | Date last seen | Copy number | Koha item type |
|---|---|---|---|---|---|---|---|---|---|---|---|---|---|---|---|
| Dewey Decimal Classification | Not For Loan | Non-fiction | Central Library, University of Rajshahi | Central Library, University of Rajshahi | Reading Room | 04/08/1984 | Dhaka, Dhaka Biswabidalya grontho Sangostha | 65.00 | B 297.09 HAI 1987 | 20/10/2019 | C-1 | Books |